Quelle ville des Vosges ? - Statistiques

Statistiques générales
  • Ce quiz a été pris 13 fois
  • Le résultat moyen est 11 sur 20
Statistiques - réponses
Quelle commune vosgienne... Lettre Commune % Correct
...répond aussi à l'indice précédent. Elle accueille également un casino C Contréxeville
92%
...est célèbre pour ses images E Épinal
92%
...est principalement connue pour son lac. Le plus connu du département. G Gérardmer
92%
...donne son nom à une eau minérale très connue V Vittel
92%
...abrite le Hohneck et une station de sport d'hiver L (B) La Bresse
77%
...est la sous-préfecture de l'ouest vosgien N Neufchâteau
69%
...est la ville des rambuvetais R Rambervillers
62%
... est peuplée par près de 6 000 habitants et habituée aux exploits en Coupe de France R Raon l'Étape
62%
...est la 6ème ville la plus peuplé du département. Située sur la Moselle. R Remiremont
62%
...accueille le siège de l'évêché S Saint-Dié-des-Vosges
62%
... s'était renommé Capavenir Vosges T Thaon-les-Vosges
62%
... a vu naître et grandir Jeanne d'Arc D Domrémy-la-Pucelle
54%
...est considérée comme la capitale de la lutherie française M Mirecourt
46%
...est une stations thermale, très prisée de Napoléon III P Plombières-les-Bains
46%
...est indissociable de Maurice Barrès. Plus récemment, Ségolène Royal y a grandi C Charmes
38%
...abrite un amphithéâtre parmi les mieux conservés de France G Grand
38%
... est située entre les 2 villes précédentes, et est jumelée avec Honolulu en raison d'une bataille de la 2nd guerre mondiale B Bruyères
31%
...accueille la source de la Moselle, au sud-est du département B Bussang
23%
... a une histoire singulière avec la Tchécoslovaquie D Darney
23%
...était la capitale de la principauté de Salm S Senones
23%
Aucun quiz correspondant
Distribution des résultats
% des personnes avec chaque résultat
Percentile par nombre de réponses
Votre historique - résultats
Vous n’avez pas pris ce quiz